Next of kin #1 / Sharon Sala.
Available copies
- 1 of 1 copy available at LARL/NWRL Consortium.
- 1 of 1 copy available at Lake Agassiz Regional Library. (Show preferred library)
Current holds
0 current holds with 1 total copy.
Show Only Available Copies
| Location | Call Number / Copy Notes | Barcode | Shelving Location | Status | Due Date |
|---|---|---|---|---|---|
| Moorhead Public Library | SAL (Text) | 33500010639474 | Main | Available | - |
Record details
- ISBN: 9780778313120 (mass market pbk.)
- ISBN: 0778313123 (mass market pbk.)
- Physical Description: 330 p. ; 17 cm.
- Publisher: Don Mills, Ont. : Mira, c2012.
Content descriptions
| General Note: | "A Rebel Ridge novel"--cover. |
| Summary, etc.: | Hiding out in the Appalachian Mountains of ... Read More |
Search for related items by subject
| Subject: | Man-woman relationships > Fiction. Witnesses > Protection > Fiction. Mafia > Fiction. Appalachian Region > Fiction. Kentucky > Fiction. |
| Genre: | Romantic suspense fiction. |
Search for related items by series
| LDR | 01594cam a2200373Ia 4500 | ||
|---|---|---|---|
| 001 | 139106 | ||
| 003 | LARL_NWRL_CONSORTIUM | ||
| 005 | 20120202100552.0 | ||
| 008 | 110719s2012 onc 000 1 eng d | ||
| 020 | . | ‡a9780778313120 (mass market pbk.) | |
| 020 | . | ‡a0778313123 (mass market pbk.) | |
| 035 | . | ‡a(OCoLC)742508335 | |
| 040 | . | ‡aBTCTA ‡beng ‡cBTCTA ‡dJST ‡dIEP | |
| 082 | 0 | 4. | ‡a813./54 ‡223 |
| 100 | 1 | . | ‡aSala, Sharon. ‡0(LARL_NWRL_CONSORTIUM)117306 |
| 245 | 1 | 0. | ‡aNext of kin ‡n#1 / ‡cSharon Sala. |
| 260 | . | ‡aDon Mills, Ont. : ‡bMira, ‡cc2012. | |
| 300 | . | ‡a330 p. ; ‡c17 cm. | |
| 490 | 0 | . | ‡aRebel ridge; ‡v1 |
| 500 | . | ‡a"A Rebel Ridge novel"--cover. | |
| 520 | . | ‡aHiding out in the Appalachian Mountains of Kentucky, Beth Venable, a witness to a major mob hit who even the FBI can't protect, dreams of a new life with Ryal Walker, the man she's always wanted, but must survive her old one first. | |
| 650 | 0. | ‡aMan-woman relationships ‡vFiction. ‡0(LARL_NWRL_CONSORTIUM)165985 | |
| 650 | 0. | ‡aWitnesses ‡xProtection ‡vFiction. | |
| 650 | 0. | ‡aMafia ‡vFiction. ‡0(LARL_NWRL_CONSORTIUM)165975 | |
| 651 | 0. | ‡aAppalachian Region ‡vFiction. ‡0(LARL_NWRL_CONSORTIUM)163223 | |
| 651 | 0. | ‡aKentucky ‡vFiction. ‡0(LARL_NWRL_CONSORTIUM)168575 | |
| 655 | 7. | ‡aRomantic suspense fiction. ‡2gsafd | |
| 948 | . | ‡hNO HOLDINGS IN LAL - 72 OTHER HOLDINGS | |
| 994 | . | ‡aZ0 ‡bLAL | |
| 901 | . | ‡a139106 ‡bOCLC ‡c139106 ‡tbiblio | |

Add to basket
Permalink
Disable Highlighting